| 000 | 00764 a2200205 4500 | ||
|---|---|---|---|
| 020 | _a0863412831 | ||
| 020 | _a9780863412837 | ||
| 082 | _a621.3813 | ||
| 090 |
_c906 _d906 |
||
| 100 | 1 | _aIlyinski, A.S. | |
| 245 | 1 | 0 |
_aPropagation, scattering and diffraction of electromagnetic waves / _cA.S. Ilyinski, G.Ya.Slepyan, A.Ya.Slepyan. |
| 260 |
_a[S.l.] : _bInstitution Of Engineering And Technology, _c1993. |
||
| 300 |
_a288 p. ; _c24 cm. |
||
| 490 | 1 | _aIeee electromagnetic waves series. | |
| 700 | 1 | _aG.Ya.Slepyan. | |
| 700 | 1 | _aA.Ya.Slepyan. | |
| 830 | 0 | _aIeee electromagnetic waves series. | |
| 942 |
_aSNS _cBK _k621.3813 ILY |
||
| 999 |
_c29529 _d29529 |
||